000 00549nam a2200157 i 4500
001 101727
003 ES-MaACL
005 20230906182951.0
007 t|
008 051021s1961 sp ||||1| spa d
100 1 _aMejías Carrillo, José.
_979874
245 1 0 _aEsquema del desarrollo y estado actual de la lucha antituberculosa en Venezuela /
_cJosé Mejías Carrillo.
260 _aSanta Cruz de Tenerife :
_b[s.n.],
_c1961 (
_eImp. Católica)
300 _a28 p., 3 h., 1 lám., gráf. I-V ;
_c22 cm.
852 _aES-MaACL
_j2023-F-12
_bR.48591
999 _c101727
_d101727